[Event "FIDE World Uni Rapid-A 1st"]
[White "Fernandez Bustamante, Leancy B"]
[Black "Santos, Rita Alexandra"]
[Site "Tornelo INT"]
[Round "10"]
[Result "1-0"]
[Date "2021.03.21"]
[WhiteElo "2080"]
[BlackElo "1606"]
[PlyCount "85"]
[EventDate "2021.03.20"]
[EventType "swiss (rapid)"]
[EventRounds "12"]
[EventCountry "NET"]
[SourceTitle "CBM 201 Extra"]
[Source "ChessBase"]
[SourceDate "2021.05.31"]
[SourceVersion "1"]
[SourceVersionDate "2021.05.31"]
[SourceQuality "1"]

1. e4 e5 2. Nf3 Nc6 3. Nc3 Nf6 4. Bb5 d6 5. d4 exd4 6. Nxd4 Bd7 7. 0-0 Be7 8. f4 a6 9. Bxc6 bxc6 10. Qf3 Bg4 11. Qg3 Qd7 12. h3 Be6 13. b3 c5 14. Nde2 Nh5 15. Qf3 g6 16. f5 0-0-0 17. fxe6 fxe6 18. e5 d5 19. Bh6 Rhg8 20. Qg4 Ng7 21. Bxg7 Rxg7 22. Qa4 Qxa4 23. Nxa4 Rf8 24. Rxf8+ Bxf8 25. Rf1 Rg8 26. Rf7 h5 27. Nf4 Bh6 28. Nxe6 Be3+ 29. Kf1 Re8 30. Rf8 Rxf8+ 31. Nxf8 g5 32. Ke2 Bd4 33. e6 Kd8 34. c3 Bg1 35. Ng6 d4 36. cxd4 Bxd4 37. Kd3 c6 38. Kc4 Kc7 39. Nxc5 Bxc5 40. Kxc5 g4 41. hxg4 hxg4 42. Ne5 g3 43. e7 1-0

[Event "FISU World University"]
[White "Santos, Rita Alexandra"]
[Black "Rodriguez Perez, Marta"]
[Site "Tornelo INT"]
[Round "9.19"]
[Result "1/2-1/2"]
[Date "2020.10.28"]
[WhiteElo "1606"]
[BlackElo "1636"]
[PlyCount "134"]
[EventDate "2020.10.26"]
[EventType "team-swiss (rapid)"]
[EventRounds "9"]
[EventCountry "NET"]
[SourceTitle "CBM 199 Extra"]
[Source "ChessBase"]
[SourceDate "2021.01.31"]
[SourceVersion "1"]
[SourceVersionDate "2021.01.31"]
[SourceQuality "1"]
[WhiteTeam "Portugal"]
[BlackTeam "Spain"]
[WhiteTeamCountry "POR"]
[BlackTeamCountry "ESP"]

1. e4 e6 2. d4 d5 3. exd5 exd5 4. Bd3 Bd6 5. Ne2 Ne7 6. Bf4 0-0 7. 0-0 c6 8. Nd2 Bf5 9. Nf3 Bxd3 10. Qxd3 Ng6 11. Bxd6 Qxd6 12. Ng3 Nd7 13. Rfe1 Rfe8 14. c3 Ndf8 15. Qf5 Qf4 16. Ne5 Qxf5 17. Nxf5 Nxe5 18. dxe5 Ng6 19. Nd6 Re7 20. Re3 Rxe5 21. Rxe5 Nxe5 22. Re1 Ng6 23. b4 b6 24. a4 Kf8 25. g3 Rd8 26. Nf5 Rd7 27. f4 Ne7 28. Nd4 c5 29. bxc5 bxc5 30. Nb5 Nc8 31. Kf2 Rb7 32. Rb1 Nd6 33. Na3 Ne4+ 34. Ke3 Rxb1 35. Nxb1 f5 36. Kd3 Ke7 37. c4 Kd6 38. cxd5 Kxd5 39. Na3 a6 40. Nc4 h6 41. Ne5 Nd6 42. Ng6 c4+ 43. Kc3 Ne4+ 44. Kb4 c3 45. Kb3 Kd4 46. Kc2 Nd6 47. Ne7 g5 48. Nc6+ Kc5 49. Ne7 Kc4 50. fxg5 hxg5 51. h4 gxh4 52. gxh4 f4 53. Ng6 f3 54. Ne5+ Kb4 55. Nxf3 Ne4 56. h5 Kxa4 57. h6 Nf6 58. Kxc3 Kb5 59. Ng5 a5 60. Kb3 a4+ 61. Ka3 Kc6 62. Ne4 Nh7 63. Kxa4 Kd7 64. Kb5 Ke6 65. Kc5 Kf5 66. Nd6+ Kg6 67. Kd5 Kxh6 1/2-1/2

[Event "POR-ch U20 rapid"]
[White "Santos, Rita Alexandra"]
[Black "Nogueira, Diana Sofia Cunha"]
[Site "Rio Maior"]
[Round "5"]
[Result "1-0"]
[Date "2017.10.21"]
[WhiteElo "1536"]
[BlackElo "1611"]
[PlyCount "73"]
[EventDate "2017.10.21"]
[EventType "tourn (rapid)"]
[EventRounds "7"]
[EventCountry "POR"]
[SourceTitle "EXT 2024"]
[Source "ChessBase"]
[SourceDate "2023.10.10"]
[SourceVersion "1"]
[SourceVersionDate "2023.10.10"]
[SourceQuality "1"]

1. e4 e5 2. Nf3 Nc6 3. d4 exd4 4. Nxd4 Qf6 5. Be3 Bc5 6. c3 a6 7. Bc4 Nge7 8. 0-0 Ba7 9. h3 0-0 10. Re1 d6 11. Qf3 Qxf3 12. Nxf3 Na5 13. Bd3 Ng6 14. Nbd2 Bd7 15. Bxa7 Rxa7 16. e5 Nf4 17. Bc2 d5 18. Nd4 c5 19. Nf5 Nc6 20. Rad1 Be6 21. Nf3 Ng6 22. Nd6 Rd8 23. Nf5 b5 24. h4 h6 25. g3 a5 26. h5 Nge7 27. Nxe7+ Nxe7 28. a4 b4 29. c4 d4 30. b3 Bg4 31. Kg2 Ra6 32. Rh1 Re6 33. Rde1 Nc6 34. Be4 Bxf3+ 35. Bxf3 Nxe5 36. Bd5 Re7 37. f4 1-0

[Event "POR-ch U18"]
[White "Arruda, Daniela Sofia Perei"]
[Black "Santos, Rita Alexandra"]
[Site "Luso"]
[Round "7"]
[Result "0-1"]
[Date "2017.04.12"]
[WhiteElo "1485"]
[BlackElo "1619"]
[PlyCount "70"]
[EventDate "2017.04.08"]
[EventType "swiss"]
[EventRounds "7"]
[EventCountry "POR"]
[SourceTitle "EXT 2018"]
[Source "ChessBase"]
[SourceDate "2017.10.13"]
[SourceVersion "1"]
[SourceVersionDate "2017.10.13"]
[SourceQuality "1"]

1. d4 Nf6 2. c4 e6 3. Nf3 d5 4. e3 Be7 5. Nbd2 0-0 6. b3 Re8 7. Bb2 c5 8. Qc2 Nc6 9. Be2 Nb4 10. Qc3 cxd4 11. Nxd4 e5 12. Nc2 a5 13. 0-0 Bf5 14. Nxb4 Bxb4 15. Qc1 dxc4 16. Nxc4 Nd7 17. Qd1 Qg5 18. Kh1 Rad8 19. Qc1 Re6 20. f4 exf4 21. exf4 Qg6 22. Bf3 b5 23. Na3 Bd3 24. Qc7 Ree8 25. Rfd1 Nc5 26. Nxb5 Rc8 27. Qd6 Bxb5 28. Qxg6 hxg6 29. Bd4 Ne6 30. g3 Nxd4 31. Rxd4 Bc3 32. Rad1 Bxd4 33. Rxd4 Bc6 34. Bxc6 Rxc6 35. Rd2 Rec8 0-1

[Event "Gaia Profigaia op 9th"]
[White "Silva, Pedro Gil Ferreira"]
[Black "Santos, Rita Alexandra"]
[Site "Vila Nova de Gaia"]
[Round "5"]
[Result "1/2-1/2"]
[Date "2016.06.26"]
[WhiteElo "1191"]
[BlackElo "1562"]
[PlyCount "69"]
[EventDate "2016.06.24"]
[EventType "swiss"]
[EventRounds "7"]
[EventCountry "POR"]
[SourceTitle "EXT 2018"]
[Source "ChessBase"]
[SourceDate "2017.10.13"]
[SourceVersion "1"]
[SourceVersionDate "2017.10.13"]
[SourceQuality "1"]

1. e4 e5 2. Nf3 Nc6 3. Bc4 Bc5 4. c3 Nf6 5. d4 exd4 6. cxd4 Bb4+ 7. Bd2 Nxe4 8. Bxb4 Nxb4 9. Qb3 d5 10. Bb5+ Nc6 11. Ne5 Qd6 12. f3 Nf6 13. Nd2 0-0 14. Bxc6 bxc6 15. 0-0 Ba6 16. Rfe1 Nd7 17. Nxd7 Qxd7 18. Qc3 Bc8 19. Rac1 Rb8 20. Nb3 Rb6 21. Re2 Ba6 22. Nc5 Qd6 23. Rec2 Bc8 24. b3 Bf5 25. Re2 Ra8 26. Na4 Ra6 27. Nc5 Rb6 28. Na4 Rb4 29. Nc5 a5 30. a3 Rbb8 31. Rce1 Kf8 32. Re5 Bd7 33. Re7 Qxe7 34. Rxe7 Kxe7 35. Qe1+ 1/2-1/2

[Event "Coimbra Queima das Fitas op"]
[White "Morais, Vitor Mestre"]
[Black "Santos, Rita Alexandra"]
[Site "Coimbra"]
[Round "3"]
[Result "1-0"]
[Date "2016.04.23"]
[WhiteElo "1971"]
[BlackElo "1515"]
[PlyCount "89"]
[EventDate "2016.04.22"]
[EventType "swiss"]
[EventRounds "7"]
[EventCountry "POR"]
[SourceTitle "EXT 2018"]
[Source "ChessBase"]
[SourceDate "2017.10.13"]
[SourceVersion "1"]
[SourceVersionDate "2017.10.13"]
[SourceQuality "1"]

1. Nf3 d5 2. d4 Bf5 3. g3 e6 4. Bg2 Nf6 5. 0-0 c5 6. c4 Nc6 7. cxd5 Nxd5 8. Nc3 cxd4 9. Nxd4 Nxd4 10. Qxd4 Nxc3 11. Qxc3 Rc8 12. Qb3 b6 13. Rd1 Bd6 14. Bf4 0-0 15. Rxd6 Qe7 16. Rd2 e5 17. Be3 Qc7 18. h3 Be6 19. Qb4 f5 20. f4 e4 21. Bd4 Rfd8 22. e3 Bc4 23. Bf1 Qf7 24. b3 Bd3 25. Bxd3 exd3 26. Rxd3 Rc2 27. Rd2 Rdc8 28. Rad1 Qg6 29. Kf2 Qc6 30. Qe7 Rc7 31. Qe5 Rf7 32. Qb8+ Rf8 33. Qxa7 Rf7 34. Qxb6 Rxd2+ 35. Rxd2 Qh1 36. Qb8+ Rf8 37. Qe5 Qh2+ 38. Kf3 Qh1+ 39. Ke2 Qg2+ 40. Kd3 Qf1+ 41. Kc2 Rc8+ 42. Bc3 Rxc3+ 43. Qxc3 Qa6 44. Qc4+ Qxc4+ 45. bxc4 1-0

[Event "POR-ch (Women)"]
[White "Santos, Rita Alexandra"]
[Black "Nogueira, Diana Sofia Cunha"]
[Site "Porto"]
[Round "2"]
[Result "1-0"]
[Date "2016.03.20"]
[WhiteElo "1515"]
[BlackElo "1618"]
[PlyCount "113"]
[EventDate "2016.03.20"]
[EventType "swiss"]
[EventRounds "6"]
[EventCountry "POR"]
[SourceTitle "CBM 171 Extra"]
[Source "ChessBase"]
[SourceDate "2016.04.26"]
[SourceVersion "1"]
[SourceVersionDate "2016.04.26"]
[SourceQuality "1"]

1. e4 e5 2. Nf3 Nc6 3. d4 exd4 4. Nxd4 Bc5 5. Be3 Qf6 6. c3 Nge7 7. Bc4 Bb6 8. 0-0 d6 9. Nb5 Ba5 10. Nd2 0-0 11. Nb3 a6 12. Nxa5 axb5 13. Nxc6 bxc4 14. Nxe7+ Qxe7 15. Qd4 Qe6 16. Rfd1 Re8 17. f3 f5 18. Re1 fxe4 19. fxe4 Qxe4 20. Bf2 Qxd4 21. Rxe8+ Kf7 22. Bxd4 Kxe8 23. Bxg7 Be6 24. Re1 Kd7 25. a3 c5 26. Kf2 b5 27. Rd1 Bf5 28. g3 Rb8 29. Rd2 b4 30. axb4 cxb4 31. cxb4 Rxb4 32. Bc3 Rb7 33. Ke3 Kc6 34. Rd4 Re7+ 35. Kf4 Bd3 36. h4 d5 37. g4 Kc5 38. h5 Re4+ 39. Rxe4 Bxe4 40. g5 Bc2 41. Ke5 Kc6 42. Bd4 Be4 43. Kf6 Kd6 44. g6 hxg6 45. hxg6 Bd3 46. g7 Bh7 47. Kf7 Kd7 48. Be5 Kc6 49. Bd4 Kd6 50. g8Q Bxg8+ 51. Kxg8 Ke6 52. Kf8 Kf5 53. Ke7 Ke4 54. Bg7 d4 55. Kd6 d3 56. Bh6 Kd4 57. Bd2 1-0

[Event "POR-ch rapid (Women)"]
[White "Mendes, Neuza Graxinha"]
[Black "Santos, Rita Alexandra"]
[Site "Matosinhos"]
[Round "4"]
[Result "0-1"]
[Date "2016.03.19"]
[WhiteElo "1335"]
[BlackElo "1550"]
[PlyCount "72"]
[EventDate "2016.03.19"]
[EventType "swiss (rapid)"]
[EventRounds "6"]
[EventCountry "POR"]
[SourceTitle "EXT 2018"]
[Source "ChessBase"]
[SourceDate "2017.10.13"]
[SourceVersion "1"]
[SourceVersionDate "2017.10.13"]
[SourceQuality "1"]

1. d4 d5 2. e3 Nc6 3. Bd3 e5 4. c3 e4 5. Be2 Nf6 6. b4 Bd6 7. b5 Ne7 8. a4 c6 9. bxc6 Nxc6 10. f3 0-0 11. f4 Bd7 12. Nh3 h6 13. Nf2 Rc8 14. 0-0 Na5 15. Bd2 Nc4 16. Qc2 Qb6 17. Bxc4 Rxc4 18. a5 Qc7 19. Ra2 Bb4 20. a6 bxa6 21. Rxa6 Bb5 22. Ra2 Rc6 23. Qb3 Bc4 24. Rxa7 Bxb3 25. Rxc7 Rxc7 26. Rc1 Bd6 27. Be1 Rb8 28. Nd2 Bc4 29. Nxc4 Rxc4 30. Nh3 Ng4 31. Bd2 Rb2 32. Rd1 Ra4 33. Bc1 Rc2 34. Bd2 Raa2 35. Be1 Rxg2+ 36. Kf1 Nxe3# 0-1

[Event "POR-ch U16"]
[White "Santos, Rita Alexandra"]
[Black "Fernandes, Tiago Saraiva"]
[Site "Luso"]
[Round "6"]
[Result "1-0"]
[Date "2014.07.26"]
[WhiteElo "1511"]
[BlackElo "1601"]
[PlyCount "121"]
[EventDate "2014.07.23"]
[EventType "swiss"]
[EventRounds "7"]
[EventCountry "POR"]
[SourceTitle "EXT 2015"]
[Source "ChessBase"]
[SourceDate "2014.11.20"]
[SourceVersion "1"]
[SourceVersionDate "2014.11.20"]
[SourceQuality "1"]

1. e4 c5 2. Nf3 Nc6 3. d4 cxd4 4. Nxd4 g6 5. c3 Bg7 6. Be3 Nf6 7. Qf3 d6 8. h3 0-0 9. Nxc6 bxc6 10. Bd3 Bb7 11. Nd2 c5 12. 0-0 Qc7 13. Bf4 Rfc8 14. Nc4 Rab8 15. Rab1 Qd7 16. Qe3 Nh5 17. Bh6 Bxh6 18. Qxh6 Nf6 19. f3 Bc6 20. Ne3 Bb5 21. c4 Bc6 22. b3 a5 23. Kf2 Rb7 24. Ng4 Nh5 25. e5 dxe5 26. Nxe5 Qd4+ 27. Qe3 Qh4+ 28. Kg1 Qg3 29. Nxc6 Nf4 30. Rb2 Rxc6 31. Be4 Re6 32. Qxc5 Rc7 33. Qxa5 g5 34. Qe1 Nxh3+ 35. Kh1 Qe5 36. Bxh7+ Kxh7 37. Qxe5 Rxe5 38. gxh3 Rb7 39. Rd1 Re3 40. Kg2 Rc3 41. Rdd2 Kg6 42. Rdc2 Rd3 43. c5 Rd5 44. Rc4 Kf6 45. b4 Ke6 46. Kg3 f6 47. Rb3 Ra7 48. a3 Kd7 49. b5 Rc7 50. Rbc3 Kc8 51. a4 Rd1 52. h4 gxh4+ 53. Kxh4 Rg1 54. Rg4 Rh1+ 55. Kg3 Rh5 56. c6 Kb8 57. b6 Rc8 58. b7 Rf8 59. Rb4 Rg8+ 60. Kf2 Rh2+ 61. Ke3 1-0